[Event "VEN-ch U17 Girls"]
[Site "Caracas"]
[Date "2019.08.10"]
[Round "7"]
[White "Velasquez Marin, Glaycell Daniela"]
[Black "Velasquez Font, Majeiqueilin Valent"]
[Result "1-0"]
[WhiteElo "1296"]
[BlackElo "1269"]
[PlyCount "75"]
[EventDate "2019.08.07"]
[EventType "swiss"]
[EventRounds "9"]
[EventCountry "VEN"]
[SourceTitle "EXT 2020"]
[Source "ChessBase"]
[SourceDate "2019.10.17"]
[SourceVersion "1"]
[SourceVersionDate "2019.10.17"]
[SourceQuality "1"]

1. e4 e5 2. Bc4 Nf6 3. Nc3 Bb4 4. d3 Nc6 5. Nf3 h6 6. Bd2 d6 7. h3 0-0 8. a3 Ba5 9. 0-0 Be6 10. Nd5 Bxd2 11. Qxd2 Bxd5 12. Bxd5 Nxd5 13. exd5 Ne7 14. c4 Ng6 15. d4 Re8 16. dxe5 dxe5 17. Rfe1 Qf6 18. Qc3 Re7 19. Re3 Rae8 20. Rae1 Qd6 21. b4 f5 22. a4 e4 23. Nd4 f4 24. Nf5 Qd7 25. Nxe7+ Rxe7 26. Rxe4 Rxe4 27. Rxe4 Qxa4 28. Re6 Qd1+ 29. Qe1 Qd3 30. Re8+ Kh7 31. Qe6 Nh4 32. Qg8+ Kg6 33. Re6+ Kh5 34. Qf7+ g6 35. Re5+ Nf5 36. Rxf5+ Qxf5 37. g4+ Kg5 38. gxf5 1-0

[Event "VEN-ch U17 Girls"]
[Site "Caracas"]
[Date "2019.08.08"]
[Round "4"]
[White "Velasquez Marin, Glaycell Daniela"]
[Black "Gonzalez Gomez, Daniela Carolina"]
[Result "0-1"]
[WhiteElo "1296"]
[BlackElo "1373"]
[PlyCount "104"]
[EventDate "2019.08.07"]
[EventType "swiss"]
[EventRounds "9"]
[EventCountry "VEN"]
[SourceTitle "EXT 2020"]
[Source "ChessBase"]
[SourceDate "2019.10.17"]
[SourceVersion "1"]
[SourceVersionDate "2019.10.17"]
[SourceQuality "1"]

1. e4 e5 2. Nf3 Nc6 3. Nc3 Bc5 4. Bc4 d6 5. d3 h6 6. Be3 Bb6 7. Nd5 Be6 8. Nxb6 axb6 9. Bb3 Nf6 10. h3 0-0 11. Qd2 Kh7 12. 0-0 Qd7 13. Bxe6 fxe6 14. Qe2 Rfe8 15. c3 d5 16. exd5 exd5 17. Qc2 Kh8 18. a3 Rad8 19. Rad1 Qf5 20. Qe2 Qh5 21. Rfe1 Qf7 22. b4 e4 23. dxe4 Rxe4 24. Qd2 Ne5 25. Nxe5 Rxe5 26. Bd4 Rf5 27. Re5 Rxe5 28. Bxe5 c6 29. c4 Qe6 30. Re1 Re8 31. cxd5 cxd5 32. Kf1 Ne4 33. Qd4 Qxe5 34. Qxe5 Rxe5 35. f3 Nd2+ 36. Kf2 Rxe1 37. Kxe1 Nb1 38. a4 Nc3 39. a5 bxa5 40. bxa5 Kg8 41. Kd2 Nb5 42. Kd3 Kf7 43. Kc2 Ke6 44. Kb3 Kd6 45. Kb4 Kc6 46. g4 Nd4 47. f4 g6 48. h4 Nf3 49. f5 gxf5 50. gxf5 Nxh4 51. f6 Ng6 52. f7 h5 0-1